Städte der Insel Usedom mit Karte - Statistiken

Allgemein
  • Dieses Quiz wurde 40 mal gespielt
  • Das Durchschnittsergebnis liegt bei 6 aus 21
Antworten auf der Karte
Die Antworten werden auf der Karte rot bzw. grün angezeigt, abhängig davon wie oft sie richtig erraten wurden.
 
Antwortstatistiken
Bevölkerung Land Stadt % Korrekt
9443 Deutschland Heringsdorf
71%
1 747 Deutschland Usedom
66%
12 028 Deutschland Wolgast
63%
4121 Deutschland Zinnowitz
60%
323 Deutschland Peenemünde
46%
3 194 Deutschland Karlshagen
34%
905 Deutschland Trassenheide
31%
1 669 Deutschland Koserow
26%
1055 Deutschland Zempin
23%
38 541 Polen Świnoujście
20%
259 Deutschland Garz
17%
482 Deutschland Pudagla
17%
1033 Deutschland Ückeritz
17%
624 Deutschland Zirchow
17%
714 Deutschland Mölschow
14%
1072 Deutschland Benz
11%
550 Deutschland Korswandt
11%
967 Deutschland Loddin
11%
384 Deutschland Stolpe auf Usedom
6%
235 Deutschland Krummin
3%
405 Deutschland Lütow
3%
Keine übereinstimmenden Quizze gefunden
Verteilung der Resultate
Anzahl Personen mit jedem Resultat
Perzentil nach korrekt beantworteten Fragen
Ihre Resultats-Entwicklung
Sie haben dieses Quiz noch nicht gespielt